Application of rubber coated textiles in personal protective equipement and medical devices (Record no. 54404)
[ view plain ]
| 000 -LEADER | |
|---|---|
| fixed length control field | 01344nam a2200181Ia 4500 |
| 100 ## - MAIN ENTRY--AUTHOR NAME | |
| Personal name | Banerjee Bireswar |
| 245 #0 - TITLE STATEMENT | |
| Title | Application of rubber coated textiles in personal protective equipement and medical devices |
| 260 ## - PUBLICATION, DISTRIBUTION, ETC. (IMPRINT) | |
| Name of publisher | Rubber India |
| Year of publication | 2013 |
| 300 ## - PHYSICAL DESCRIPTION | |
| Number of Pages | 60-66 |
| 520 ## - SUMMARY, ETC. | |
| Summary, etc | The most significant and important technology for implementation of Rubber coated textiles in the construction of personal protective, therapeautic and life saving equipments. These devices are useful to the common men to Defence contrivance in the instrumentatio of para - military, Military, Naval forces and in Air force combating operations. Some of the devices are designed & prepared from rubberised fabric equipped in the treatement of serious chronic diseases such as low back pain inflatable bed, water bed for bed sore patients, in the management of ailments like filariasis and concerning to monitor sleeping disoders etc. A few of such items made from cotton / man-made textiles coated with natural rubber / natural rubber & blend of general purpose synthetic rubbers / special purpose synthetic rubber composition have been expounded in this article. |
| 650 ## - SUBJECT ADDED ENTRY--TOPICAL TERM | |
| Topical Term | Anti Gravity Suit |
| 650 ## - SUBJECT ADDED ENTRY--TOPICAL TERM | |
| Topical Term | Apnea |
| 650 ## - SUBJECT ADDED ENTRY--TOPICAL TERM | |
| Topical Term | CBRN |
| 650 ## - SUBJECT ADDED ENTRY--TOPICAL TERM | |
| Topical Term | Lymphoedema |
| 650 ## - SUBJECT ADDED ENTRY--TOPICAL TERM | |
| Topical Term | Military Ponchos |
| 942 ## - ADDED ENTRY ELEMENTS (KOHA) | |
| Koha item type | Journals |
| Withdrawn status | Lost status | Damaged status | Not for loan | Home library | Current library | Date acquired | Serial Enumeration / chronology | Koha item type |
|---|---|---|---|---|---|---|---|---|
| Journals | RRII Library | RRII Library | 21/03/2014 | Volume LXV, Issue 10 | Journals |